Statistics for Countries of EU

Click here to take the quiz!

General Stats

  • This quiz has been taken 24 times
  • The average score is 25 of 27

Answer Stats

Year of joinCountry% Correct
1995Austria
96%
1957Belgium
96%
Estonia
96%
Finland
96%
1981Greece
96%
Ireland
96%
Luxembourg
96%
Netherlands
96%
1986Portugal
96%
Spain
96%
1973Denmark
91%
France
91%
Germany
91%
Hungary
91%
Italy
91%
Lithuania
91%
Poland
91%
Romania
91%
Slovakia
91%
Slovenia
91%
Sweden
91%
2007Bulgaria
87%
2013Croatia
87%
Czech Republic
87%
Latvia
87%
Malta
87%
2004Cyprus
78%

Score Distribution

Percentile by Number Answered

Percent of People with Each Score

Your Score History

You have not taken this quiz